01078 2200361 4500001002100000005001500021035002500036007000300061008004100064040001700105100010300122245006700225300002300292041001300315082001700328084001900345090002100364260003600385650003400421650001800455850001200473505004300485250001900528546004500547990001600592990001500608990001500623990001600638990001600654990001500670990001500685990001600700YOGYA-0313000000042020190724100456 a0010-031300000000420ta180523s1994 jti g m ind d aYOPDYOGbind1 aMangkunegara IVcKGPAAd1811-1881ePengarangqKangjeng Gusti Pangeran Adipati Aryo Mangkunegara IV1 aSerat Wedhatama /cKGPAA Mangkunegara IV Surakarta Hadiningrat a123 hlm. ;c15 cm.1 ajavgind04223a899.2221 a899.2221 MAN s aL 899.2221 MAN s3 aSemarang :bDahara Prize,c1994 4aKesusasteraan Jawa--vTembang 4aFilsafat Jawa aYOPDYOG aBuku berisi terjemahan Serat Wedhatama acetakan ketiga aTeks berbahasa Indonesia dan bahasa Jawa a114815-P/98 a85511-P/96 a85512-P/96 a102453-P/97 a114815-P/98 a85511-P/96 a85512-P/96 a102453-P/97